LEADER 01230nam a2200277 4500 001 000000349419 003 CaOOAMICUS 005 20220208123643.0 008 220208s2021 it 000 u ita r 020 $a978-88-8227-596-9 040 $aSeMil$bita 100 1 $aD'Ayala Valva, Luigi,$d<1976- >.$0(OLS)http://semarc/name/89120 245 10$aVivere la gioia evangelica :$bl'esperienza di Gesł trasmessa ai cristiani /$cLuigi d'Ayala Valva. 264 1$aMagnano :$bQiqajon, Comunitą di Bose,$c2021. 300 $a133 p. ;$c18 cm 490 1 $aScintille ;$v34 650 4$aBibbia - Gioia.$0(OLS)http://semarc/subject/6089 650 4$aGioia - Meditazioni.$0(OLS)http://semarc/subject/19935 830 0$aScintille ;$v34.$0(OLS)http://semarc/title/438471 850 $aSeMil 852 $aSeMil$W1$xVenegono$y1$m2Y I 256$j231545$B240474$CSeMilBibl$Z2$F240474 $81 961 $aCambio - La Scuola cattolica 996 $6020$a978-88-8227-596-9$9(OLS)http://semarc/number/295275 996 $6245$aVivere la gioia evangelica :$bl'esperienza di Gesł trasmessa ai cristiani$9(OLS)http://semarc/title/438989 996 $6264$aMagnano :$bQiqajon, Comunitą di Bose$9(OLS)http://semarc/publisher/55988 LEADER 01236nam a2200277 i 4500 001 000000200759 003 CaOOAMICUS 005 20110413000000.0 008 110413s1963 it u000 u ita u 013 $a179460 040 $aSeMil$bita 100 1 $aHeisenberg, Werner <1901-1976>.$0(OLS)http://semarc/name/44177 240 10$aPhysics and Philosophy.$0(OLS)http://semarc/title/290375 245 10$aFisica e filosofia :$bla rivoluzione nella scienza moderna /$cWerner Heisenberg ; introduzione di F.S.C. Northrop ; traduzione di Giulio Gnoli. 250 $a2. edizione. 260 $aMilano :$bIl Saggiatore,$c1963. 300 $a205 p. ;$c21 cm. 490 0 $aLa cultura ;$v36. 650 4$aFisica e filosofia.$0(OLS)http://semarc/subject/10524 700 1 $aGnoli, Giulio.$0(OLS)http://semarc/name/44178 700 1 $aNorthrop, F.S.C.$0(OLS)http://semarc/name/44179 830 3$aLa cultura ;$v36.$0(OLS)http://semarc/title/6877 850 $aSeMil 852 $aSeMil$W1$xVenegono$y1$m3XD II 9$j151288$B151288$CSeMilBibl$Z2$F162539 $81 996 $6245$aFisica e filosofia :$bla rivoluzione nella scienza moderna$9(OLS)http://semarc/title/290374 996 $6260$aMilano :$bIl Saggiatore$9(OLS)http://semarc/publisher/30255